Music Quiz

Random Music or Artist Quiz

Jazz Artists by Album Quiz Stats

 Plays Quiz Updated Feb 20, 2020

Support Sporcle.
Go Orange.
Score 0/38 Timer 07:00
2 Plays Today
Albums Artist % Correct
Kind of Blue, Bitches Brew, Sketches of Spain, Birth of the CoolMiles Davis
95.2%
A Love Supreme, Giant Steps, Ascension, Blue Train, CrescentJohn Coltrane
86.4%
Straight No Chaser, Misterioso, Monk's DreamThelonious Monk
71.5%
Bird and Diz, Self Titled, Bird In TimeCharlie Parker
66.9%
Head Hunters, Maiden Voyage, Empyrean IslesHerbie Hancock
59.6%
Ah Um, The Black Saint and the Sinner LadyCharles Mingus
56.2%
Sonny Side Up, Saxophone Colossus, Plus Four, A Night at the Village VanguardSonny Rollins
55.2%
Three Suites, Such Sweet Thunder, Live at NewportDuke Ellington
49.5%
Stardust, Time Out, Paper MoonDave Brubeck
43.4%
Jazz Samba, 'Artist'/Gilberto, 'Artist' and Oscar Peterson, Diz and 'Artist'Stan Getz
42.5%
Moanin', A Night in Tunisia, Free for AllArt Blakey
42%
Smokin' At the Half Note, Boss Guitar, A Day In the Life, The Incredible Jazz Guitar of 'Artist'Wes Montgomery
41%
Now He Sings Now He Sobs, Light As a Feather (Return to Forever), Return to Forever, Crystal Silence (with Gary Burton)Chick Corea
39.5%
Heavy Weather, Black Market, Mysterious Traveller, SweetnighterWeather Report
39.3%
Undercurrent (with Jim Hall), Know What I Mean? (with Cannonball Adderley), Portrait In Jazz, Waltz for DebbyBill Evans
39.3%
The Shape of Jazz to Come, Sound Grammar, This Is Our MusicOrnette Coleman
39.2%
The Real McCoy, Quartet, GuitarsMcCoy Tyner
39.1%
Red Clay, Hub-Tones, Ready for FreddieFreddie Hubbard
38.6%
Song for My Father, Blowin' the Blues AwayHorace Silver
34.5%
Albums Artist % Correct
The Sidewinder, The Procrastinator, CornbreadLee Morgan
33.2%
Speak No Evil, Juju, Night Dreamer, Adam's AppleWayne Shorter
32%
'Artist' Encounters Ben Webster, The Hawk Relaxes, Body and Soul, At EaseColeman Hawkins
30.6%
Night Train, Pastel Moods, Plays Pretty, Ben Webster Meets 'Artist'Oscar Peterson
29.7%
The Carnegie Hall Concert, The Out Of Towners, The Köln Concert, Keith Jarrett
24.9%
Inner Urge, Page One, Power to the People, Mode for JoeJoe Henderson
24.7%
Out to Lunch, Cornell 1964, Out There, Far CryEric Dolphy
24.4%
The Sermon, Prayer Meetin', The Dynamic Duo (with Wes Montgomery)Jimmy Smith
22.8%
Still Life (Talking), Bright Size Life, Letter From Home, The Way Up, Off Ramp, Day TripPat Metheny
22%
Idle Moments, Green Street, Feelin' the Spirit, Ain't It Funky NowGrant Green
21.4%
Django, MJQ, Concorde, European Concert, The Complete Last ConcertModern Jazz Quartet
20.5%
The Inner Mounting Flame, Birds of Fire, Visions of the Emerald BeyondMahavishnu Orchestra
19%
Pilgrimage, Some Skunk Funk (Live), Time Is of the Essence, Self TitledMichael Brecker
17.7%
Virtuoso, Virtuoso #2, Unforgettable, Meditation, Fitzgerald Meets 'Artist'...AgainJoe Pass
16.5%
Romantic Warrior, Where Have I Known You Before?, No MysteryReturn to Forever
15.7%
School Days, Journey To Love,Children of Forever, Thunder (with Marcus Miller and Victor Wooten), Toys of MenStanley Clarke
14.7%
Emergency!, Believe It, Third PlaneTony Williams
13.3%
Spectrum, A Funky Thide of Sings, Crosswinds, Shabazz (Live)Billy Cobham
9.3%
Blues Walk, Alligator Bogaloo, Gravy Train, Midnight CreeperLou Donaldson
9%

From the Vault

US Presidents Templates

by gazzso

History 3m
It's time to build some presidents.
Remove Ads.
Support Sporcle.
Get the best of Sporcle when you Go Orange. This ad-free experience offers more features, more stats, and more fun while also helping to support Sporcle. Thank you for becoming a member.

Show Comments

Extras

Top Quizzes Today


Score Distribution

Your Account Isn't Verified!

In order to create a playlist on Sporcle, you need to verify the email address you used during registration. Go to your Sporcle Settings to finish the process.

Report this User

Report this user for behavior that violates our Community Guidelines.

Details: